000 01101nam a22002777a 4500
999 _c92501
_d92501
005 20230725111136.0
010 _aENG-112505 ENG-137569
020 _a9789380502861
_c695.00
035 _aEN-96037 EN-121101
037 _bDBAD/PUB
082 _a358.450954
100 _aAtma Singh
245 _aUnarmed into battle :
_cby Atma Singh
_bstory of air observation 1794-1986 /
260 _aNew Delhi
_bKW Publishers
_c2012
270 _a4676/21, First Floor, Ansari Road, Daryaganj
_bNew Delhi
_e110002
300 _ax,140,[1]p.:
_c23cm(pbk)
_bill.,maps
500 _a "Errata" [1] leaf inserted.
500 _a Includes bibliographical references (p. [141]).
650 _aAerial observation (Military science)
_zIndia
_xHistory.
650 _a Aerial observation (Military science)
_zUnited States
_xHistory.
650 _a World War, 1914-1918
_xAerial operations.
650 _aWorld War, 1939-1945
_xAerial operations.
650 _a Air pilots, Military
_zIndia.
710 _aCentre for Land Warfare Studies (New Delhi, India)
942 _2ddc
_cEN
_mATM
_h358.450954